| 000 | 00973cam a2200325 4500 | ||
|---|---|---|---|
| 001 | ABS66712 | ||
| 008 | 030520n2003 000 0 eng u | ||
| 035 | _a(Sirsi) u122323 | ||
| 100 | _aKnutt, E. | ||
| 245 | _aEuro stars | ||
| 260 | _c2003 | ||
| 490 |
_aHousing _v(331) 2 May 2003, 24-27(4) |
||
| 520 | _aLooks at European social housing best practice, comparing and contrasting the United Kingdom with Poland, The Netherlands, France and Sweden. Presents further brief data on Belgium, Denmark, Germany, Ireland and Italy. | ||
| 590 | _aABS | ||
| 650 | _aEUROPEAN LIAISON COMMITTEE FOR SOCIAL HOUSING | ||
| 650 | _aUNITED KINGDOM | ||
| 650 | _aPOLAND | ||
| 650 | _aGERMANY | ||
| 650 | _aDENMARK | ||
| 650 | _aSWEDEN | ||
| 650 | _aBELGIUM | ||
| 650 | _aNETHERLANDS | ||
| 650 | _aIRELAND | ||
| 650 | _aITALY | ||
| 650 | _aBEST PRACTICE | ||
| 650 | _aHOUSING PROVISION | ||
| 650 | _aEUROPE | ||
| 690 |
_aAffordable housing _96215 |
||
| 942 | _n0 | ||
| 999 |
_c72691 _d72691 |
||